Statistics (Record no. 5574)

MARC details
000 -LEADER
fixed length control field 00416cam a2200181ua 4500
008 - FIXED-LENGTH DATA ELEMENTS--GENERAL INFORMATION
fixed length control field 131207n ii |||gr||||Z||||||eng
020 ## - INTERNATIONAL STANDARD BOOK NUMBER
International Standard Book Number 81-7618-133-1
040 ## - CATALOGING SOURCE
Transcribing agency MAIN
082 ## - DEWEY DECIMAL CLASSIFICATION NUMBER
Classification number 519.5
245 11 - TITLE STATEMENT
Title Statistics
Statement of responsibility, etc. By B.N. Gupta
260 ## - PUBLICATION, DISTRIBUTION, ETC.
Place of publication, distribution, etc. Agra:
Name of publisher, distributor, etc. Sahitya bhawan,
Date of publication, distribution, etc. 2001.
300 ## - PHYSICAL DESCRIPTION
Extent x,1060p.
700 1# - ADDED ENTRY--PERSONAL NAME
Personal name Gupta,B.N.,
Relator term
942 ## - ADDED ENTRY ELEMENTS (KOHA)
Koha item type Books
653 ## - INDEX TERM--UNCONTROLLED
Uncontrolled term Commerce
653 ## - INDEX TERM--UNCONTROLLED
Uncontrolled term Statistics
Holdings
Withdrawn status Lost status Damaged status Not for loan Home library Current library Shelving location Date acquired Total Checkouts Full call number Barcode Date last seen Date last checked out Copy number Price effective from Koha item type
        Naharkatiya College Library Naharkatiya College Library General Stacks 19/09/2020 1 519.5 | GUP 2494 15/03/2021 01/03/2021 1 19/09/2020 Books

Naharkatiya College © 2020. All rights reserved.

Powered By